000 00538 a2200205 4500
999 _c47157
_d47157
003 OSt
005 20190826155002.0
008 190826b ||||| |||| 00| 0 eng d
020 _a9789966510433
040 _cSPU Library
050 _aPL8704
_b.O43 2015
100 _a Olali, Tom.
245 _aMashetani wa Alepo
_bTom Olali.
260 _bJomo Kenyatta Foundation
_c2015
_aNairobi, Kenya :
300 _a v, 301 p. ;
_b18 cm
520 _aA novel.
546 _aIn Swahili.
650 _aKiswahili
_xnovel
942 _cBK
_2lcc